Encuentro con América

Guardat en:
Dades bibliogràfiques
Autors principals: Coll Alentorm, Miguel (Autor), Forcada Casanovas, Josep María (Autor), Prado y Colón de Carvajal, Manuel (Autor), Malagón Barceló, Javier (Autor), Rubio de Castarlenas, Alfredo (Autor), Aymar Ragolta, Jaume (Autor), Cussó Porredón, Jordi (Autor), Viña Rexach, Francisco (Autor), Fullat Genis, Octavio (Autor), Gómez-Valderrama, Pedro (Autor)
Format: Llibre
Idioma:espanyol
Publicat: Barcelona, España Herder 1988
Matèries:
Etiquetes: Afegir etiqueta
Sense etiquetes, Sigues el primer a etiquetar aquest registre!

MARC

LEADER 00000nam a2200000 a 4500
001 UCX6777
003 CL-VaPUC
005 20220315074410.0
008 930816e19880000sp 1 spa d
999 |c 382169  |d 382167 
040 |c Pontificia Universidad Católica de Valparaíso 
082 0 4 |a 980  |b COL  |2 21 
100 1 |a Coll Alentorm, Miguel  |e author  |9 616878 
245 1 0 |a Encuentro con América 
260 |a Barcelona, España  |b Herder  |c 1988 
300 |a 167 páginas 
518 |p Jornadas Interdisciplinares Encuentro con América, 8, Barcelona, 10 al 12 de diciembre, 1987 
546 |a En Español 
583 |a last modification  |c 19930816 00:00:00  |k Rodrigo Vera 
650 0 0 |a Historia  |z ESPAÑA  |9 255047 
650 0 0 |a Congresos  |x HISTORIA DE AMERICA  |9 257560 
650 0 7 |a RELACIONES INTERNACIONALES  |2 CL-VaPUC  |9 268744  |z ESPAÑA  |z AMERICA LATINA 
700 1 |a Forcada Casanovas, Josep María  |e author  |9 616879 
700 1 |a Prado y Colón de Carvajal, Manuel  |e author  |9 616880 
700 1 |a Malagón Barceló, Javier  |e author  |9 616881 
700 1 |a Rubio de Castarlenas, Alfredo  |e author  |9 616882 
700 1 |a Aymar Ragolta, Jaume  |e author  |9 616883 
700 1 |a Cussó Porredón, Jordi  |e author  |9 616884 
700 1 |a Viña Rexach, Francisco  |e author  |9 616885 
700 1 |a Fullat Genis, Octavio  |e author  |9 616886 
700 1 |a Gómez-Valderrama, Pedro  |e author  |9 616887 
852 |a BIBCUR 
942 |c BK  |2 ddc 
945 |d 19930816 00:00:00 
952 |0 0  |1 0  |2 ddc  |4 0  |6 980_000000000000000_COL_1988  |7 0  |8 A  |9 503724  |a BIBHIS  |b BIBHIS  |d 2020-01-23  |i 2940205  |l 2  |o 980 COL 1988  |p 2940205  |r 2025-01-20  |s 2020-04-30  |t 1  |w 2020-01-23  |y BK  |k HIS